Normal view MARC view

Entry Personal Name

Number of records used in: 5

001 - CONTROL NUMBER

  • control field: 1236245

003 - CONTROL NUMBER IDENTIFIER

  • control field: OSt

005 - DATE AND TIME OF LATEST TRANSACTION

  • control field: 20260430150029.0

008 - FIXED-LENGTH DATA ELEMENTS

  • fixed length control field: 260430|| aca||aabn | a|a d

040 ## - CATALOGING SOURCE

  • Original cataloging agency: OSt
  • Transcribing agency: OSt

100 ## - HEADING--PERSONAL NAME

  • Personal name: University of Delhi. Faculty of Social Science. Deptt of History

670 ## - SOURCE DATA FOUND

  • Source citation: Work cat.: (OSt)1848772: Sunil Kumar Au.; Deshpande Anirudh Gu. 1236244, Caste, Clan & Politics amongst the Jats of Haryana and Western Uttar Pradesh(c. 1803-2000s), 2022
Copyright @ Delhi University Library System